<The> International Economic Position of Western Balkan Countries in Light of Their European Integration Ambitions

Porovnanie pripravenosti jednotlivých krajín západného Balkánu na členstvo v EÚ, na základe hodnotenia pokroku v prístupovom procese, ako aj na základe hodnotenia medzinárodnej ekonomickej pozície. Berúc do úvahy správy o pokroku, uverejnené Európskou komisiou, ktoré poskytujú komplexné hodnotenie k...

Descripción completa

Guardado en:
Detalles Bibliográficos
Autor principal: Kittová, Zuzana, 1975-
Otros Autores: Steinhauser, Dušan, 1988-
Formato: Capítulo de libro
Lenguaje:inglés
Materias:
Etiquetas: Agregar Etiqueta
Sin Etiquetas, Sea el primero en etiquetar este registro!

MARC

LEADER 00000naa a2200000 4500
001 0248526
005 20250204081834.7
041 0 |a eng 
044 |a CZ 
245 1 0 |a <The> International Economic Position of Western Balkan Countries in Light of Their European Integration Ambitions  |c Zuzana Kittová, Dušan Steinhauser 
520 |a Porovnanie pripravenosti jednotlivých krajín západného Balkánu na členstvo v EÚ, na základe hodnotenia pokroku v prístupovom procese, ako aj na základe hodnotenia medzinárodnej ekonomickej pozície. Berúc do úvahy správy o pokroku, uverejnené Európskou komisiou, ktoré poskytujú komplexné hodnotenie kritérií členstva v EÚ, bola perspektíva posúdenia hospodárskeho pokroku rozšírená pomocou hodnotenia medzinárodnej ekonomickej pozície západných balkánskych krajín, založeného na multifaktorových ukazovateľoch. 
610 2 0 |a Európska únia 
610 2 0 |a Balkán 
610 2 0 |a indexy 
610 2 0 |a index globálnej konkurencieschopnosti 
610 2 0 |a index ekonomickej slobody 
610 2 0 |a vývoz 
610 2 0 |a výkonnosť ekonomiky 
100 1 |a Kittová, Zuzana, 1975- 
700 1 |a Steinhauser, Dušan, 1988-